000 00197nam a22000977a 4500
999 _c12424
_d12424
082 _a658.15
100 _aBrealey, Myers
245 _aPrinciples of Corporate Finance
250 _a4th
942 _cBK